| 000 | 00398nam a2200109Ia 4500 | ||
|---|---|---|---|
| 008 | 231129s9999||||xx |||||||||||||| ||spa|| | ||
| 082 | _a342.861066 C718j | ||
| 100 | _aColombia. Consejo Superior de la Judicatura | ||
| 245 | 0 | _aLa jurisdicción contencioso administrativa: una jurisdicción en transformación 2014 | |
| 264 | _aBogotá Colombia: Consejo Superior de la Judicatura | ||
| 942 |
_2ddc _cBKS |
||
| 999 |
_c17451 _d17451 |
||